000 00693nam a2200241 i 4500
001 C2-0246122
003 PPAK
005 20180727210936.0
008 030322s2003 my a|||| ||||| | may d
020 _a9676113921
040 _aPPAK
_beng
_cPPAK
_erda
082 0 4 _a745.5
_223
090 0 0 _a745.5
_bAIS
_dR
100 0 _aAishah Kamarudin,
_eauthor
245 1 0 _aAneka kraf tangan
264 1 _aKuala Lumpur :
_bUtusan Publications & Distributors ,
_c2003
300 _a176 pages :
_bcolour illustrations ;
_c30 cm
336 _2rdacontent
_atext
337 _2rdamedia
_aunmediated
338 _2rdacarrier
_avolume
650 1 0 _aHandicraft. ; Handicraft - Technique.
942 _ddc
_cB
999 _c60092
_d60092